| 000 | 00939nam a2200229Ia 4500 | ||
|---|---|---|---|
| 999 |
_c40994 _d40994 |
||
| 001 | 7642 | ||
| 003 | GE_BSU | ||
| 005 | 20230614120425.0 | ||
| 008 | 181216s1969ge xx |||||||||||||| ||geo|| | ||
| 040 | _cGE_BSU | ||
| 041 | _ageo | ||
| 080 | _a821.353.1-32 დ–79 | ||
| 100 |
_aდოჩანაშვილი, გურამ _918694 |
||
| 245 |
_aნაბიჯი : _bმოთხრობები / _cგურამ დოჩანაშვილი, რედ: ლ. ფოფხაძე; მხატვ.: დ. გრიგოლია. |
||
| 264 |
_aთბილისი : _bსაბჭ. საქართველო, _c1969. |
||
| 300 |
_a211 გვ; _b16 სმ. |
||
| 653 | _aმოთხრობები | ||
| 653 | _aნაბიჯი | ||
| 700 |
_a ფოფხაძე, ლ _eრედაქტორი _918695 |
||
| 700 |
_aგრიგოლია, დ _eმხატვარი _912208 |
||
| 942 |
_cBK _2udc |
||